Owen & Mzee : (Record no. 30632)
[ view plain ]
| 000 -LEADER | |
|---|---|
| fixed length control field | 00667nam a2200169 a 4500 |
| 005 - DATE AND TIME OF LATEST TRANSACTION | |
| control field | 20140310184024.0 |
| 008 - FIXED-LENGTH DATA ELEMENTS--GENERAL INFORMATION | |
| fixed length control field | 110112s19uu xx 00 eng d |
| 050 ## - LIBRARY OF CONGRESS CALL NUMBER | |
| Classification number | M 599.63 |
| Item number | H28 2007 |
| 100 ## - MAIN ENTRY--PERSONAL NAME | |
| Personal name | Hatkoff, Isabella. |
| 245 ## - TITLE STATEMENT | |
| Title | Owen & Mzee : |
| Remainder of title | the language of friendship / |
| Statement of responsibility, etc | told by Isabella Hatkoff, Craig Hatkoff, and Paula Kuhumbu ; with photographs by Peter Greste. |
| 250 ## - EDITION STATEMENT | |
| Edition statement | 1st ed. |
| 260 ## - PUBLICATION, DISTRIBUTION, ETC. (IMPRINT) | |
| Place of publication, distribution, etc | New York : |
| Name of publisher, distributor, etc | Scholastic Press, |
| Date of publication, distribution, etc | c2007. |
| 500 ## - GENERAL NOTE | |
| General note | Includes bibliographical references and index. |
| 650 ## - SUBJECT ADDED ENTRY--TOPICAL TERM | |
| Topical term or geographic name as entry element | Hippopotamus |
| General subdivision | Behavior |
| -- | Kenya |
| -- | Juvenile literature. |
| 650 ## - SUBJECT ADDED ENTRY--TOPICAL TERM | |
| Topical term or geographic name as entry element | Aldabra tortoise |
| General subdivision | Behavior |
| -- | Kenya |
| -- | Juvenile literature. |
| Withdrawn status | Lost status | Source of classification or shelving scheme | Damaged status | Home library | Current library | Shelving location | Date acquired | Total Checkouts | Full call number | Barcode | Date last seen | Copy number | Price effective from | Koha item type |
|---|---|---|---|---|---|---|---|---|---|---|---|---|---|---|
| Library of Congress Classification | Munich Library | Munich Library | Main Section | 03/26/2014 | M 599.63 H28 2007 | MU1459 | 03/26/2014 | 2 | 03/26/2014 | Books |